[Event "RUS-ch Men Blitz 2019"]
[Site "Sochi"]
[Date "2019.10.17"]
[Round "13.2"]
[White "Rublevsky, Sergei"]
[Black "Ponkratov, Pavel"]
[Result "0-1"]
[WhiteElo "2651"]
[BlackElo "2621"]
[Annotator "RC"]
[PlyCount "116"]
[EventDate "2019.10.17"]
[EventType "swiss"]
[EventCountry "RUS"]
[SourceTitle "playchess.com"]
[Source "ChessBase"]
[SourceQuality "1"]
[TimeControl "180+2"]

1. e4 {[%emt 0:00:00]} d5 {[%emt 0:00:00]} 2. exd5 {[%emt 0:00:01]} Qxd5 {[%emt 0:00:00]} 3. Nc3 {[%emt 0:00:01]} Qd6 {[%emt 0:00:01]} 4. d4 {[%emt 0:00:02]} Nf6 {[%emt 0:00:01]} 5. Nf3 {[%emt 0:00:02]} g6 {[%emt 0:00:02]} 6. Bg5 {[%emt 0:00:28]} Bg7 {[%emt 0:00:05]} 7. Qd2 {[%emt 0:00:01]} O-O {[%emt 0:00:18]} 8. O-O-O {[%emt 0:00:09]} Bg4 {[%emt 0:00:02]} 9. Be2 {[%emt 0:00:02]} Nc6 {[%emt 0:00:07]} 10. Bh6 {[%emt 0:00:10]} Rfd8 {[%emt 0:00:08]} 11. Bxg7 {[%emt 0:00:03]} Kxg7 {[%emt 0:00:01]} 12. Qe3 {[%emt 0:00:16]} Nb4 {[%emt 0:00:38]} 13. a3 {[%emt 0:00:30]} Nbd5 {[%emt 0:00:01]} 14. Nxd5 {[%emt 0:00:02]} Nxd5 {[%emt 0:00:01]} 15. Qg5 {[%emt 0:00:09]} Qf4+ {[%emt 0:00:03]} 16. Qxf4 {[%emt 0:00:02]} Nxf4 {[%emt 0:00:00]} 17. Bf1 {[%emt 0:00:09]} Bxf3 {[%emt 0:00:02]} 18. gxf3 {[%emt 0:00:01]} e6 {[%emt 0:00:02]} 19. c3 {[%emt 0:00:07]} Kf6 {[%emt 0:00:01]} 20. Bd3 {[%emt 0:00:04]} c5 {[%emt 0:00:03]} 21. Be4 {[%emt 0:00:03]} cxd4 {[%emt 0:00:01]} 22. cxd4 {[%emt 0:00:09]} Rac8+ {[%emt 0:00:05]} 23. Kb1 {[%emt 0:00:05]} b6 {[%emt 0:00:01]} 24. Rd2 {[%emt 0:00:02]} Rd6 {[%emt 0:00:09]} 25. Rhd1 {[%emt 0:00:05]} Rcd8 {[%emt 0:00:02]} 26. Kc2 {[%emt 0:00:02]} Ke7 {[%emt 0:00:06]} 27. Kc1 {[%emt 0:00:09]} f5 {[%emt 0:00:03]} 28. Bc2 {[%emt 0:00:00]} Rxd4 {[%emt 0:00:04]} 29. Rxd4 {[%emt 0:00:03]} Rxd4 {[%emt 0:00:01]} 30. Rxd4 {[%emt 0:00:01]} Ne2+ {[%emt 0:00:01]} 31. Kd2 {[%emt 0:00:01]} Nxd4 {[%emt 0:00:01]} 32. Bd1 {[%emt 0:00:01]} e5 {[%emt 0:00:02]} 33. Kd3 {[%emt 0:00:04]} Kd6 {[%emt 0:00:02]} 34. f4 {[%emt 0:00:01]} Ne6 {[%emt 0:00:02]} 35. fxe5+ {[%emt 0:00:01]} Kxe5 {[%emt 0:00:01]} 36. Kc4 {[%emt 0:00:05]} Nc7 {[%emt 0:00:06]} 37. Be2 {[%emt 0:00:06]} g5 {[%emt 0:00:06]} 38. Kd3 {[%emt 0:00:02]} g4 {[%emt 0:00:02]} 39. f3 {[%emt 0:00:05]} h5 {[%emt 0:00:01]} 40. Ke3 {[%emt 0:00:05]} Nd5+ {[%emt 0:00:01]} 41. Kf2 {[%emt 0:00:01]} Kf4 {[%emt 0:00:03]} 42. fxg4 {[%emt 0:00:03]} fxg4 {[%emt 0:00:04]} 43. Bc4 {[%emt 0:00:05]} Ne3 {[%emt 0:00:02]} 44. Bb3 {[%emt 0:00:00]} h4 {[%emt 0:00:02]} 45. Ke2 {[%emt 0:00:05]} Nf5 {[%emt 0:00:04]} 46. Bd5 {[%emt 0:00:03]} Nd4+ {[%emt 0:00:08]} 47. Kf2 {[%emt 0:00:01]} Nf3 {[%emt 0:00:14]} 48. Kg2 {[%emt 0:00:01]} Ne1+ {[%emt 0:00:01]} 49. Kf1 {[%emt 0:00:02]} Nd3 {[%emt 0:00:02]} 50. b4 {[%emt 0:00:01]} g3 {[%emt 0:00:06]} 51. hxg3+ {[%emt 0:00:07]} Kxg3 {[%emt 0:00:01]} 52. Bb7 {[%emt 0:00:06]} h3 {[%emt 0:00:02]} 53. Be4 {[%emt 0:00:08]} Ne5 {[%emt 0:00:06]} 54. Ke2 {[%emt 0:00:02]} h2 {[%emt 0:00:15]} 55. a4 {[%emt 0:00:02]} a5 {[%emt 0:00:05]} 56. bxa5 {[%emt 0:00:02]} bxa5 {[%emt 0:00:01]} 57. Ke3 {[%emt 0:00:04]} Nc4+ {[%emt 0:00:03]} 58. Kd4 {[%emt 0:00:01]} Nb2 {[%emt 0:00:09]} 0-1

[Event "RUS-ch Men Blitz 2019"]
[Site "Sochi"]
[Date "2019.10.17"]
[Round "13.4"]
[White "Yuffa, Daniil"]
[Black "Savchenko, Boris"]
[Result "1/2-1/2"]
[WhiteElo "2577"]
[BlackElo "2581"]
[Annotator "ChessBase"]
[PlyCount "271"]
[EventDate "2019.10.17"]
[EventType "swiss"]
[EventCountry "RUS"]
[SourceTitle "playchess.com"]
[Source "ChessBase"]
[SourceQuality "1"]
[TimeControl "180+2"]

1. d4 {[%emt 0:00:00]} Nf6 {[%emt 0:00:00]} 2. c4 {[%emt 0:00:00]} e6 {[%emt 0:00:00]} 3. g3 {[%emt 0:00:00]} c5 {[%emt 0:00:03]} 4. d5 {[%emt 0:00:01]} exd5 {[%emt 0:00:01]} 5. cxd5 {[%emt 0:00:01]} d6 {[%emt 0:00:00]} 6. Nc3 {[%emt 0:00:01]} g6 {[%emt 0:00:01]} 7. Bg2 {[%emt 0:00:00]} Bg7 {[%emt 0:00:01]} 8. Nf3 {[%emt 0:00:01]} O-O {[%emt 0:00:01]} 9. O-O {[%emt 0:00:02]} Bf5 {[%emt 0:00:01]} 10. Nh4 {[%emt 0:00:20]} Bg4 {[%emt 0:00:01]} 11. h3 {[%emt 0:00:04]} Bc8 {[%emt 0:00:01]} 12. Bf4 {[%emt 0:00:14]} Nh5 {[%emt 0:00:06]} 13. Bd2 {[%emt 0:00:08]} f5 {[%emt 0:00:08]} 14. Nf3 {[%emt 0:00:06]} h6 {[%emt 0:00:17]} 15. e4 {[%emt 0:00:06]} b5 {[%emt 0:00:35]} 16. exf5 {[%emt 0:00:06]} b4 {[%emt 0:00:01]} 17. Ne4 {[%emt 0:00:28]} gxf5 {[%emt 0:00:03]} 18. Nh4 {[%emt 0:00:05]} fxe4 {[%emt 0:00:08]} 19. Qxh5 {[%emt 0:00:02]} Qe8 {[%emt 0:00:07]} 20. Qe2 {[%emt 0:00:13]} Ba6 {[%emt 0:00:06]} 21. Qg4 {[%emt 0:00:03]} Bc8 {[%emt 0:00:34]} 22. Qe2 {[%emt 0:00:01]} Ba6 {[%emt 0:00:02]} 23. Qg4 {[%emt 0:00:01]} Bc8 {[%emt 0:00:02]} 24. Qe2 {[%emt 0:00:25]} Nd7 {[%emt 0:00:05]} 25. Qxe4 {[%emt 0:00:20]} Qxe4 {[%emt 0:00:05]} 26. Bxe4 {[%emt 0:00:01]} Bxb2 {[%emt 0:00:01]} 27. Bxh6 {[%emt 0:00:03]} Bxa1 {[%emt 0:00:12]} 28. Bxf8 {[%emt 0:00:06]} Nxf8 {[%emt 0:00:02]} 29. Rxa1 {[%emt 0:00:02]} Bxh3 {[%emt 0:00:01]} 30. Bf5 {[%emt 0:00:02]} Bxf5 {[%emt 0:00:02]} 31. Nxf5 {[%emt 0:00:01]} Rd8 {[%emt 0:00:01]} 32. f4 {[%emt 0:00:05]} c4 {[%emt 0:00:09]} 33. Kf2 {[%emt 0:00:01]} a5 {[%emt 0:00:01]} 34. Ke3 {[%emt 0:00:06]} Kf7 {[%emt 0:00:02]} 35. Kd4 {[%emt 0:00:05]} c3 {[%emt 0:00:03]} 36. Re1 {[%emt 0:00:05]} Ng6 {[%emt 0:00:05]} 37. Ne3 {[%emt 0:00:12]} Kf6 {[%emt 0:00:26]} 38. Nc4 {[%emt 0:00:07]} Ne7 {[%emt 0:00:06]} 39. g4 {[%emt 0:00:20]} c2 {[%emt 0:00:07]} 40. Rc1 {[%emt 0:00:03]} Rg8 {[%emt 0:00:04]} 41. g5+ {[%emt 0:00:02]} Kf5 {[%emt 0:00:01]} 42. Rxc2 {[%emt 0:00:02]} Kxf4 {[%emt 0:00:02]} 43. Rf2+ {[%emt 0:00:07]} Kg4 {[%emt 0:00:09]} 44. Nxa5 {[%emt 0:00:05]} Nf5+ {[%emt 0:00:06]} 45. Kc4 {[%emt 0:00:02]} Ne3+ {[%emt 0:00:01]} 46. Kd4 {[%emt 0:00:02]} Nf5+ {[%emt 0:00:01]} 47. Kd3 {[%emt 0:00:01]} Rxg5 {[%emt 0:00:05]} 48. Rg2+ {[%emt 0:00:01]} Ng3 {[%emt 0:00:01]} 49. Kc4 {[%emt 0:00:03]} Kf3 {[%emt 0:00:02]} 50. Rg1 {[%emt 0:00:02]} Kf2 {[%emt 0:00:03]} 51. Rb1 {[%emt 0:00:02]} Rg4+ {[%emt 0:00:03]} 52. Kb5 {[%emt 0:00:01]} Ne4 {[%emt 0:00:02]} 53. Kc6 {[%emt 0:00:02]} Nc3 {[%emt 0:00:03]} 54. Rb2+ {[%emt 0:00:01]} Ke3 {[%emt 0:00:02]} 55. Kxd6 {[%emt 0:00:03]} Rd4 {[%emt 0:00:05]} 56. Kc6 {[%emt 0:00:04]} Nxd5 {[%emt 0:00:03]} 57. Rb3+ {[%emt 0:00:02]} Ke4 {[%emt 0:00:02]} 58. Kc5 {[%emt 0:00:02]} Nc7 {[%emt 0:00:02]} 59. Nc6 {[%emt 0:00:02]} Ne6+ {[%emt 0:00:03]} 60. Kb5 {[%emt 0:00:02]} Rd7 {[%emt 0:00:04]} 61. Rxb4+ {[%emt 0:00:01]} Kd5 {[%emt 0:00:01]} 62. Kb6 {[%emt 0:00:03]} Rd6 {[%emt 0:00:03]} 63. Rb5+ {[%emt 0:00:01]} Kc4 {[%emt 0:00:01]} 64. Rb4+ {[%emt 0:00:03]} Kc3 {[%emt 0:00:01]} 65. Rb5 {[%emt 0:00:02]} Nd4 {[%emt 0:00:05]} 66. Rc5+ {[%emt 0:00:01]} Kb2 {[%emt 0:00:01]} 67. a4 {[%emt 0:00:02]} Nb3 {[%emt 0:00:01]} 68. Rb5 {[%emt 0:00:02]} Ka3 {[%emt 0:00:01]} 69. a5 {[%emt 0:00:02]} Nxa5 {[%emt 0:00:03]} 70. Rxa5+ {[%emt 0:00:02]} Kb2 {[%emt 0:00:03]} 71. Kc5 {[%emt 0:00:01]} Rd7 {[%emt 0:00:02]} 72. Ra4 {[%emt 0:00:02]} Kc3 {[%emt 0:00:01]} 73. Ra3+ {[%emt 0:00:01]} Kd2 {[%emt 0:00:01]} 74. Ne5 {[%emt 0:00:04]} Rd8 {[%emt 0:00:01]} 75. Nc4+ {[%emt 0:00:02]} Kc2 {[%emt 0:00:02]} 76. Rh3 {[%emt 0:00:02]} Rc8+ {[%emt 0:00:01]} 77. Kd4 {[%emt 0:00:02]} Rd8+ {[%emt 0:00:01]} 78. Ke4 {[%emt 0:00:01]} Re8+ {[%emt 0:00:01]} 79. Ne5 {[%emt 0:00:01]} Rd8 {[%emt 0:00:00]} 80. Rg3 {[%emt 0:00:02]} Rd6 {[%emt 0:00:03]} 81. Nc4 {[%emt 0:00:02]} Rd8 {[%emt 0:00:01]} 82. Ne3+ {[%emt 0:00:03]} Kd2 {[%emt 0:00:01]} 83. Nd5 {[%emt 0:00:01]} Re8+ {[%emt 0:00:03]} 84. Kd4 {[%emt 0:00:00]} Ke2 {[%emt 0:00:01]} 85. Ra3 {[%emt 0:00:02]} Rd8 {[%emt 0:00:03]} 86. Rb3 {[%emt 0:00:04]} Re8 {[%emt 0:00:01]} 87. Nf6 {[%emt 0:00:02]} Re7 {[%emt 0:00:02]} 88. Ne4 {[%emt 0:00:01]} Rd7+ {[%emt 0:00:01]} 89. Ke5 {[%emt 0:00:01]} Re7+ {[%emt 0:00:00]} 90. Kf5 {[%emt 0:00:01]} Rf7+ {[%emt 0:00:02]} 91. Ke6 {[%emt 0:00:02]} Rf8 {[%emt 0:00:01]} 92. Ng5 {[%emt 0:00:04]} Rd8 {[%emt 0:00:02]} 93. Kf5 {[%emt 0:00:01]} Rf8+ {[%emt 0:00:02]} 94. Ke5 {[%emt 0:00:02]} Re8+ {[%emt 0:00:01]} 95. Ne6 {[%emt 0:00:01]} Re7 {[%emt 0:00:01]} 96. Kd5 {[%emt 0:00:03]} Re8 {[%emt 0:00:01]} 97. Nd4+ {[%emt 0:00:02]} Kd2 {[%emt 0:00:02]} 98. Rh3 {[%emt 0:00:01]} Rd8+ {[%emt 0:00:01]} 99. Kc5 {[%emt 0:00:03]} Rc8+ {[%emt 0:00:01]} 100. Kb4 {[%emt 0:00:02]} Rb8+ {[%emt 0:00:02]} 101. Kc4 {[%emt 0:00:02]} Rc8+ {[%emt 0:00:00]} 102. Kd5 {[%emt 0:00:01]} Rd8+ {[%emt 0:00:01]} 103. Ke5 {[%emt 0:00:02]} Re8+ {[%emt 0:00:00]} 104. Ne6 {[%emt 0:00:01]} Re7 {[%emt 0:00:03]} 105. Kd5 {[%emt 0:00:06]} Re8 {[%emt 0:00:01]} 106. Nf4 {[%emt 0:00:01]} Rd8+ {[%emt 0:00:01]} 107. Ke4 {[%emt 0:00:01]} Re8+ {[%emt 0:00:01]} 108. Kd4 {[%emt 0:00:01]} Rd8+ {[%emt 0:00:03]} 109. Nd5 {[%emt 0:00:01]} Ke2 {[%emt 0:00:02]} 110. Re3+ {[%emt 0:00:01]} Kf2 {[%emt 0:00:01]} 111. Re5 {[%emt 0:00:01]} Ra8 {[%emt 0:00:02]} 112. Rf5+ {[%emt 0:00:01]} Kg3 {[%emt 0:00:02]} 113. Nf6 {[%emt 0:00:08]} Ra4+ {[%emt 0:00:02]} 114. Ke5 {[%emt 0:00:01]} Ra5+ {[%emt 0:00:01]} 115. Nd5 {[%emt 0:00:01]} Ra4 {[%emt 0:00:01]} 116. Rf8 {[%emt 0:00:03]} Kg4 {[%emt 0:00:02]} 117. Ne3+ {[%emt 0:00:04]} Kg3 {[%emt 0:00:01]} 118. Nc2 {[%emt 0:00:03]} Ra5+ {[%emt 0:00:01]} 119. Ke4 {[%emt 0:00:00]} Ra7 {[%emt 0:00:04]} 120. Rg8+ {[%emt 0:00:02]} Kf2 {[%emt 0:00:02]} 121. Nd4 {[%emt 0:00:06]} Re7+ {[%emt 0:00:02]} 122. Kd3 {[%emt 0:00:00]} Rd7 {[%emt 0:00:03]} 123. Rf8+ {[%emt 0:00:02]} Kg3 {[%emt 0:00:01]} 124. Rf6 {[%emt 0:00:02]} Ra7 {[%emt 0:00:07]} 125. Ke3 {[%emt 0:00:03]} Ra3+ {[%emt 0:00:01]} 126. Ke4 {[%emt 0:00:00]} Ra4 {[%emt 0:00:02]} 127. Rg6+ {[%emt 0:00:04]} Kf2 {[%emt 0:00:01]} 128. Rg8 {[%emt 0:00:03]} Ra7 {[%emt 0:00:05]} 129. Rg5 {[%emt 0:00:02]} Re7+ {[%emt 0:00:01]} 130. Kf4 {[%emt 0:00:01]} Rf7+ {[%emt 0:00:01]} 131. Nf5 {[%emt 0:00:02]} Ke2 {[%emt 0:00:03]} 132. Rg6 {[%emt 0:00:02]} Rd7 {[%emt 0:00:02]} 133. Re6+ {[%emt 0:00:01]} Kd3 {[%emt 0:00:01]} 134. Re4 {[%emt 0:00:01]} Kc3 {[%emt 0:00:02]} 135. Ne3 {[%emt 0:00:02]} Rd4 {[%emt 0:00:01]} 136. Kf3 {[%emt 0:00:05]} 1/2-1/2

[Event "RUS-ch Men Blitz 2019"]
[Site "Sochi"]
[Date "2019.10.17"]
[Round "13.5"]
[White "Timofeev, Artyom"]
[Black "Yudin, Sergei"]
[Result "1/2-1/2"]
[WhiteElo "2595"]
[BlackElo "2497"]
[Annotator "ChessBase"]
[PlyCount "143"]
[EventDate "2019.10.17"]
[EventType "swiss"]
[EventCountry "RUS"]
[SourceTitle "playchess.com"]
[Source "ChessBase"]
[SourceQuality "1"]
[TimeControl "180+2"]

1. c4 {[%emt 0:00:00]} e6 {[%emt 0:00:00]} 2. e3 {[%emt 0:00:05]} d5 {[%emt 0:00:01]} 3. Nf3 {[%emt 0:00:01]} f5 {[%emt 0:00:02]} 4. b3 {[%emt 0:00:02]} Nf6 {[%emt 0:00:01]} 5. Bb2 {[%emt 0:00:02]} Bd6 {[%emt 0:00:02]} 6. Be2 {[%emt 0:00:02]} O-O {[%emt 0:00:04]} 7. d3 {[%emt 0:00:02]} c6 {[%emt 0:00:02]} 8. Nbd2 {[%emt 0:00:03]} Nbd7 {[%emt 0:00:05]} 9. Qc2 {[%emt 0:00:07]} Qe7 {[%emt 0:00:25]} 10. cxd5 {[%emt 0:00:06]} exd5 {[%emt 0:00:05]} 11. Nd4 {[%emt 0:00:06]} Ne5 {[%emt 0:00:09]} 12. h3 {[%emt 0:00:14]} Bd7 {[%emt 0:00:08]} 13. O-O {[%emt 0:00:16]} Ng6 {[%emt 0:00:20]} 14. N4f3 {[%emt 0:00:07]} Rae8 {[%emt 0:00:06]} 15. Rfe1 {[%emt 0:00:02]} Kh8 {[%emt 0:00:13]} 16. Bf1 {[%emt 0:00:03]} Ne5 {[%emt 0:00:06]} 17. Bxe5 {[%emt 0:00:04]} Bxe5 {[%emt 0:00:01]} 18. Nxe5 {[%emt 0:00:01]} Qxe5 {[%emt 0:00:01]} 19. Nf3 {[%emt 0:00:02]} Qd6 {[%emt 0:00:07]} 20. b4 {[%emt 0:00:04]} Re7 {[%emt 0:00:13]} 21. Qc5 {[%emt 0:00:03]} Qxc5 {[%emt 0:00:13]} 22. bxc5 {[%emt 0:00:01]} Bc8 {[%emt 0:00:02]} 23. g3 {[%emt 0:00:17]} Nd7 {[%emt 0:00:04]} 24. d4 {[%emt 0:00:06]} g6 {[%emt 0:00:03]} 25. a4 {[%emt 0:00:04]} Kg7 {[%emt 0:00:02]} 26. a5 {[%emt 0:00:02]} a6 {[%emt 0:00:01]} 27. Nd2 {[%emt 0:00:09]} Rfe8 {[%emt 0:00:09]} 28. Ra3 {[%emt 0:00:02]} g5 {[%emt 0:00:03]} 29. f4 {[%emt 0:00:02]} gxf4 {[%emt 0:00:18]} 30. gxf4 {[%emt 0:00:01]} Kf6 {[%emt 0:00:00]} 31. Nf3 {[%emt 0:00:04]} Rg8+ {[%emt 0:00:02]} 32. Kf2 {[%emt 0:00:06]} Reg7 {[%emt 0:00:02]} 33. h4 {[%emt 0:00:13]} h6 {[%emt 0:00:03]} 34. Bh3 {[%emt 0:00:03]} Nf8 {[%emt 0:00:22]} 35. Rg1 {[%emt 0:00:06]} Rxg1 {[%emt 0:00:02]} 36. Nxg1 {[%emt 0:00:01]} Nd7 {[%emt 0:00:14]} 37. Nf3 {[%emt 0:00:04]} Rg7 {[%emt 0:00:01]} 38. Ra1 {[%emt 0:00:02]} Rg8 {[%emt 0:00:02]} 39. Rf1 {[%emt 0:00:12]} Nf8 {[%emt 0:00:01]} 40. Ne5 {[%emt 0:00:04]} Rg7 {[%emt 0:00:01]} 41. Bg2 {[%emt 0:00:07]} Ng6 {[%emt 0:00:04]} 42. Nf3 {[%emt 0:00:04]} Nf8 {[%emt 0:00:02]} 43. Rh1 {[%emt 0:00:03]} Ne6 {[%emt 0:00:01]} 44. Bf1 {[%emt 0:00:03]} Nf8 {[%emt 0:00:01]} 45. Bd3 {[%emt 0:00:01]} Ne6 {[%emt 0:00:02]} 46. Ne5 {[%emt 0:00:02]} Nf8 {[%emt 0:00:00]} 47. Rb1 {[%emt 0:00:26]} Ng6 {[%emt 0:00:05]} 48. Nf3 {[%emt 0:00:04]} Nf8 {[%emt 0:00:02]} 49. Rg1 {[%emt 0:00:10]} Rxg1 {[%emt 0:00:01]} 50. Kxg1 {[%emt 0:00:01]} Ng6 {[%emt 0:00:05]} 51. Kf2 {[%emt 0:00:01]} Nf8 {[%emt 0:00:01]} 52. Kg3 {[%emt 0:00:01]} Ne6 {[%emt 0:00:01]} 53. h5 {[%emt 0:00:02]} Nf8 {[%emt 0:00:01]} 54. Kh4 {[%emt 0:00:02]} Bd7 {[%emt 0:00:02]} 55. Ne5 {[%emt 0:00:01]} Bc8 {[%emt 0:00:01]} 56. Be2 {[%emt 0:00:05]} Ne6 {[%emt 0:00:02]} 57. Nd3 {[%emt 0:00:02]} Nf8 {[%emt 0:00:01]} 58. Nb4 {[%emt 0:00:01]} Ne6 {[%emt 0:00:05]} 59. Na2 {[%emt 0:00:08]} Nf8 {[%emt 0:00:02]} 60. Nc3 {[%emt 0:00:01]} Ke7 {[%emt 0:00:08]} 61. Bd3 {[%emt 0:00:02]} Kf6 {[%emt 0:00:00]} 62. Na4 {[%emt 0:00:01]} Nd7 {[%emt 0:00:02]} 63. Bc2 {[%emt 0:00:03]} Nf8 {[%emt 0:00:01]} 64. Nb6 {[%emt 0:00:01]} Be6 {[%emt 0:00:01]} 65. Bd3 {[%emt 0:00:07]} Ke7 {[%emt 0:00:03]} 66. Be2 {[%emt 0:00:05]} Nh7 {[%emt 0:00:01]} 67. Bf3 {[%emt 0:00:02]} Nf6 {[%emt 0:00:01]} 68. Na4 {[%emt 0:00:03]} Bf7 {[%emt 0:00:02]} 69. Nc3 {[%emt 0:00:02]} Be6 {[%emt 0:00:01]} 70. Ne2 {[%emt 0:00:03]} Ne8 {[%emt 0:00:01]} 71. Nc3 {[%emt 0:00:05]} Nf6 {[%emt 0:00:01]} 72. Ne2 {[%emt 0:00:01]} 1/2-1/2

[Event "RUS-ch Men Blitz 2019"]
[Site "Sochi"]
[Date "2019.10.17"]
[Round "13.6"]
[White "Nozdrachev, Vladislav"]
[Black "Savitskiy, Sergey"]
[Result "0-1"]
[WhiteElo "2494"]
[BlackElo "2407"]
[Annotator "ChessBase"]
[PlyCount "108"]
[EventDate "2019.10.17"]
[EventType "swiss"]
[EventCountry "RUS"]
[SourceTitle "playchess.com"]
[Source "ChessBase"]
[SourceQuality "1"]
[TimeControl "180+2"]

1. e4 {[%emt 0:00:00]} c5 {[%emt 0:00:00]} 2. Nf3 {[%emt 0:00:01]} d6 {[%emt 0:00:00]} 3. d4 {[%emt 0:00:00]} cxd4 {[%emt 0:00:00]} 4. Nxd4 {[%emt 0:00:01]} Nf6 {[%emt 0:00:00]} 5. Nc3 {[%emt 0:00:01]} Nc6 {[%emt 0:00:01]} 6. g3 {[%emt 0:00:08]} Bg4 {[%emt 0:00:06]} 7. f3 {[%emt 0:00:01]} Bd7 {[%emt 0:00:01]} 8. Be3 {[%emt 0:00:03]} g6 {[%emt 0:00:04]} 9. Qd2 {[%emt 0:00:07]} Bg7 {[%emt 0:00:00]} 10. O-O-O {[%emt 0:00:02]} O-O {[%emt 0:00:01]} 11. h4 {[%emt 0:00:01]} Qa5 {[%emt 0:00:18]} 12. Kb1 {[%emt 0:00:11]} Rfc8 {[%emt 0:00:02]} 13. h5 {[%emt 0:00:04]} Ne5 {[%emt 0:00:18]} 14. hxg6 {[%emt 0:00:02]} fxg6 {[%emt 0:00:01]} 15. f4 {[%emt 0:00:46]} Neg4 {[%emt 0:00:28]} 16. Nb3 {[%emt 0:00:15]} Qd8 {[%emt 0:00:35]} 17. e5 {[%emt 0:00:04]} dxe5 {[%emt 0:00:27]} 18. fxe5 {[%emt 0:00:02]} Nxe5 {[%emt 0:00:01]} 19. Nc5 {[%emt 0:00:09]} Bc6 {[%emt 0:00:17]} 20. Qe1 {[%emt 0:00:21]} Qa5 {[%emt 0:00:14]} 21. Rh4 {[%emt 0:00:09]} Nf3 {[%emt 0:00:09]} 22. Bc4+ {[%emt 0:00:11]} Kh8 {[%emt 0:00:01]} 23. Qf1 {[%emt 0:00:17]} Nxh4 {[%emt 0:00:04]} 24. gxh4 {[%emt 0:00:01]} Be8 {[%emt 0:00:08]} 25. Ne6 {[%emt 0:00:03]} Bf7 {[%emt 0:00:11]} 26. Bb3 {[%emt 0:00:01]} Bxe6 {[%emt 0:00:02]} 27. Bxe6 {[%emt 0:00:01]} Rxc3 {[%emt 0:00:02]} 28. bxc3 {[%emt 0:00:02]} Ne4 {[%emt 0:00:01]} 29. Bd4 {[%emt 0:00:13]} Nxc3+ {[%emt 0:00:01]} 30. Kc1 {[%emt 0:00:22]} Qa3+ {[%emt 0:00:06]} 31. Kd2 {[%emt 0:00:02]} Bxd4 {[%emt 0:00:01]} 32. Qf4 {[%emt 0:00:06]} Bg7 {[%emt 0:00:06]} 33. Rf1 {[%emt 0:00:03]} Qd6+ {[%emt 0:00:03]} 34. Qxd6 {[%emt 0:00:01]} exd6 {[%emt 0:00:01]} 35. Rf7 {[%emt 0:00:01]} b5 {[%emt 0:00:05]} 36. Kd3 {[%emt 0:00:03]} a5 {[%emt 0:00:01]} 37. Bg4 {[%emt 0:00:04]} b4 {[%emt 0:00:01]} 38. Be6 {[%emt 0:00:03]} d5 {[%emt 0:00:03]} 39. Rd7 {[%emt 0:00:05]} Re8 {[%emt 0:00:08]} 40. Bf7 {[%emt 0:00:04]} Ra8 {[%emt 0:00:02]} 41. h5 {[%emt 0:00:04]} gxh5 {[%emt 0:00:01]} 42. Bxh5 {[%emt 0:00:02]} Nxa2 {[%emt 0:00:01]} 43. Rxd5 {[%emt 0:00:03]} Nc3 {[%emt 0:00:01]} 44. Rd7 {[%emt 0:00:01]} a4 {[%emt 0:00:01]} 45. Bf3 {[%emt 0:00:01]} Rf8 {[%emt 0:00:03]} 46. Bc6 {[%emt 0:00:04]} a3 {[%emt 0:00:01]} 47. Ra7 {[%emt 0:00:01]} Rd8+ {[%emt 0:00:02]} 48. Kc4 {[%emt 0:00:01]} a2 {[%emt 0:00:07]} 49. Kb3 {[%emt 0:00:01]} h5 {[%emt 0:00:02]} 50. Bf3 {[%emt 0:00:02]} h4 {[%emt 0:00:02]} 51. Bg4 {[%emt 0:00:01]} Kh7 {[%emt 0:00:02]} 52. Ra6 {[%emt 0:00:01]} Bd4 {[%emt 0:00:05]} 53. Kxb4 {[%emt 0:00:05]} Nd5+ {[%emt 0:00:02]} 54. Kb3 {[%emt 0:00:02]} a1=Q {[%emt 0:00:01]} 0-1